Gravity Falls Episodes - Statistics

General Stats
  • This quiz has been taken 242 times
  • The average score is 26 of 40
Answer Stats
Season Episode # in season Network Air Date Episode Episode # overall % Correct
1 1 Disney Channel June 15, 2012 Tourist Trapped 1
89%
2 12 Disney XD July 13, 2015 A Tale of Two Stans 32
81%
2 11 Disney XD March 9, 2015 Not What He Seems 31
79%
2 20 Disney XD February 15, 2016 Weirdmageddon 3: Take Back The Falls 40
78%
2 18 Disney XD October 26, 2015 Weirdmageddon Part 1 38
74%
1 20 Disney Channel August 2, 2013 Gideon Rises 20
73%
2 2 Disney XD August 4, 2014 Into the Bunker 22
73%
2 19 Disney XD November 23, 2015 Weirdmageddon 2: Escape From Reality 39
73%
1 2 Disney Channel June 29, 2012 The Legend of the Gobblewonker 2
71%
1 19 Disney Channel July 12, 2013 Dreamscaperers 19
70%
2 13 Disney XD August 3, 2015 Dungeons, Dungeons & More Dungeons 33
70%
2 1 Disney Channel August 1, 2014 Scary-oke 21
70%
2 17 Disney XD October 12, 2015 Dipper and Mabel vs. the Future 37
69%
1 12 Disney Channel October 5, 2012 Summerween 12
69%
1 4 Disney Channel July 6, 2012 The Hand That Rocks the Mabel 4
69%
1 6 Disney Channel July 20, 2012 Dipper vs. Manliness 6
67%
1 3 Disney Channel June 30, 2012 Headhunters 3
67%
1 7 Disney Channel August 10, 2012 Double Dipper 7
66%
1 5 Disney Channel July 13, 2012 The Inconveniencing 5
66%
2 10 Disney XD February 16, 2015 Northwest Mansion Mystery 30
64%
2 5 Disney XD September 22, 2014 Soos and the Real Girl 25
64%
2 15 Disney XD September 7, 2015 The Last Mabelcorn 35
64%
1 10 Disney Channel September 14, 2012 Fight Fighters 10
63%
2 4 Disney XD September 8, 2014 Sock Opera 24
62%
1 14 Disney Channel March 1, 2013 Bottomless Pit! 14
61%
1 9 Disney Channel August 24, 2012 The Time Traveler's Pig 9
61%
2 3 Disney XD August 11, 2014 The Golf War 23
60%
1 17 Disney Channel April 19, 2013 Boyz Crazy 17
59%
2 16 Disney XD September 21, 2015 Roadside Attraction 36
59%
1 15 Disney Channel March 15, 2013 The Deep End 15
59%
1 11 Disney Channel September 28, 2012 Little Dipper 11
58%
2 7 Disney XD October 27, 2014 Society of the Blind Eye 27
58%
1 18 Disney Channel June 28, 2013 Land Before Swine 18
57%
2 9 Disney XD November 26, 2014 The Love God 29
57%
1 16 Disney Channel April 5, 2013 Carpet Diem 16
55%
2 8 Disney XD November 10, 2014 Blendin's Game 28
54%
1 8 Disney Channel August 17, 2012 Irrational Treasure 8
54%
2 14 Disney XD August 24, 2015 The Stanchurian Candidate 34
53%
2 6 Disney Channel October 4, 2014 Little Gift Shop of Horrors 26
52%
1 13 Disney Channel February 15, 2013 Boss Mabel 13
51%
No matching quizzes found
Score Distribution
Percent of People with Each Score
Percentile by Number Answered
Your Score History
You have not taken this quiz